00395nam a2200121 a 4500001000400000003000500004005001700009008004100026040002600067100001900093245009600112260006500208553CDMR20130704113501.0130130s1989||||||||||||||||||||||||||||d aCDMRbcatcCPC GIRONA1 aNieto, Alfonso10aConcentración informativa en España: prensa diariacNieto, Alfonso , Mora, Juan Manuel c1989bServicio de publicaciones de la Universidad de Navarra